Moravské Budějovice
| Hlavní autor: | Kremláček, Josef, 1937-2015 |
|---|---|
| Jazyk: | Němčina Čeština Angličtina |
| Vydáno: |
Havlíčkův Brod : Jarmila Langerová - Bellis, 1998 |
| Témata: | |
| Fyzický popis: |
1 soubor pohlednic (6 trhacích listů s popisy) : barev. ; 11 x 23 cm |
| LEADER | 00960nkm a2200277 a 4500 | ||
|---|---|---|---|
| 001 | 000355289 | ||
| 003 | CZ BrMZK | ||
| 005 | 20100510131259.0 | ||
| 007 | kf co | ||
| 008 | 030128s1998 xr nnn kncze | ||
| 015 | |a cnb000604728 | ||
| 040 | |a ABA001 |b cze | ||
| 041 | 0 | |a cze |a ger |a eng | |
| 043 | |a e-xr--- | ||
| 045 | |a x9x9 | ||
| 080 | |a 908.437.2 |2 MRF | ||
| 080 | |a (089.7) |2 MRF | ||
| 100 | 1 | |a Kremláček, Josef, |d 1937-2015 |7 jn19990209425 |4 arut | |
| 245 | 1 | 0 | |a Moravské Budějovice |h [grafika] / |c autor kreseb Josef Kremláček |
| 260 | |a Havlíčkův Brod : |b Jarmila Langerová - Bellis, |c 1998 | ||
| 300 | |a 1 soubor pohlednic (6 trhacích listů s popisy) : |b barev. ; |c 11 x 23 cm | ||
| 655 | 7 | |a místní pohlednice |7 fd132898 |2 czenas | |
| 651 | 7 | |a Moravské Budějovice (Česko) |7 ge130091 |2 czenas | |
| 910 | |a BOA001 |b X-1049.784 | ||
| 990 | |a GP | ||
| 996 | 6 | |b 2610078386 |c X-1049.784 |l MZK |r Sklad / do 24 hodin |n 7 |p p.v. |w 000355289 |u 000010 |a 1 |e BOA001 |j MZK50 |s P | |
English
Čeština 